[Event "Back To School op"]
[Site "Edmonton CAN"]
[Date "2008.09.25"]
[Round "4"]
[White "Razzaq, Ali"]
[Black "Stark, Mark"]
[Result "0-1"]
[WhiteElo "1823"]
[BlackElo "1968"]
[PlyCount "152"]
[GameId "2160767910328158"]
[EventDate "2008.09.04"]
[EventType "swiss"]
[EventRounds "4"]
[EventCountry "CAN"]
[SourceTitle "EXT 2011"]
[Source "ChessBase"]
[SourceDate "2011.11.26"]
[SourceVersion "1"]
[SourceVersionDate "2011.11.26"]
[SourceQuality "1"]

1. d4 Nf6 2. c4 c5 3. Nf3 g6 4. Nc3 Bg7 5. e4 O-O 6. Be2 d6 7. Be3 Ng4 8. Bf4 cxd4 9. Nxd4 Nxf2 10. Kxf2 e5 11. Be3 exd4 12. Bxd4 Bh6 13. Rf1 Nc6 14. Kg1 Nxd4 15. Qxd4 Bg7 16. Qd2 Be5 17. Rf2 Be6 18. Rd1 a6 19. Nd5 Qh4 20. g3 Qxe4 21. Nf6+ Bxf6 22. Rxf6 Bxc4 23. Bf3 Qe5 24. Rxd6 Bxa2 25. b4 Bc4 26. Bxb7 Ra7 27. Re1 Qb5 28. Bf3 Qb8 29. Qd4 Rc7 30. Rb6 Qa7 31. Rd6 Rb8 32. Kg2 Qxd4 33. Rxd4 Rxb4 34. Kg1 Rb8 35. Rc1 Rbc8 36. Bg4 Bb5 37. Rcd1 Re8 38. Kf2 Rc2+ 39. R1d2 Rc1 40. Bd7 Rf1+ 41. Kg2 Ree1 42. Bxb5 axb5 43. Rb2 Rf5 44. Rd8+ Kg7 45. Rb8 Ree5 46. g4 Rg5 47. Kg3 h5 48. h3 hxg4 49. hxg4 Re4 50. R8xb5 Rexg4+ 51. Kf3 Rxb5 52. Rxb5 f5 53. Rb6 Kh6 54. Rb8 Ra4 55. Rb5 Kg5 56. Rb6 Ra3+ 57. Kg2 f4 58. Kh2 Kh5 59. Rb2 g5 60. Kg1 Rg3+ 61. Kf2 Rh3 62. Kg2 g4 63. Rb5+ Kh4 64. Rb8 f3+ 65. Kg1 Kg3 66. Rb2 Rh7 67. Rc2 Ra7 68. Rc1 Ra3 69. Kf1 Ra4 70. Kg1 Kf4 71. Kf1 g3 72. Kg1 Re4 73. Ra1 Kg4 74. Kf1 Rc4 75. Rd1 Kh3 76. Rb1 Rc2 0-1

[Event "Back To School op"]
[Site "Edmonton CAN"]
[Date "2008.09.25"]
[Round "4"]
[White "Sauve, Steve"]
[Black "Dean, Tim"]
[Result "0-1"]
[WhiteElo "1680"]
[BlackElo "1961"]
[PlyCount "56"]
[GameId "2160767910328159"]
[EventDate "2008.09.04"]
[EventType "swiss"]
[EventRounds "4"]
[EventCountry "CAN"]
[SourceTitle "EXT 2011"]
[Source "ChessBase"]
[SourceDate "2011.11.26"]
[SourceVersion "1"]
[SourceVersionDate "2011.11.26"]
[SourceQuality "1"]

1. e4 e5 2. Nf3 Nc6 3. Bb5 a6 4. Bxc6 dxc6 5. O-O f6 6. d4 exd4 7. Qxd4 Qxd4 8. Nxd4 c5 9. Nf3 Bd6 10. Nc3 Ne7 11. Re1 O-O 12. e5 fxe5 13. Nxe5 Bf5 14. Bg5 Ng6 15. Nxg6 Bxg6 16. Rac1 Rae8 17. Be3 b6 18. Nd5 Be4 19. Nc3 Bc6 20. Rcd1 Re6 21. Ne2 Rg6 22. g3 Bf3 23. Rd2 h5 24. a3 h4 25. c3 Re8 26. Rf1 hxg3 27. Nxg3 Bxg3 28. hxg3 Re5 0-1

[Event "Back To School op"]
[Site "Edmonton CAN"]
[Date "2008.09.25"]
[Round "4"]
[White "Thompson, Peter"]
[Black "Pedersen, Rick"]
[Result "1-0"]
[WhiteElo "1809"]
[BlackElo "1930"]
[PlyCount "127"]
[GameId "2160767910328160"]
[EventDate "2008.09.04"]
[EventType "swiss"]
[EventRounds "4"]
[EventCountry "CAN"]
[SourceTitle "EXT 2011"]
[Source "ChessBase"]
[SourceDate "2011.11.26"]
[SourceVersion "1"]
[SourceVersionDate "2011.11.26"]
[SourceQuality "1"]

1. Nf3 g6 2. g3 Bg7 3. Bg2 Nf6 4. d3 O-O 5. O-O d5 6. Nbd2 c5 7. e4 d4 8. h3 Nc6 9. Nh4 e5 10. Ndf3 h6 11. Nh2 Kh7 12. a3 Be6 13. Qe1 Qd7 14. g4 Rac8 15. Qe2 Qe7 16. g5 Nh5 17. Nf5 Bxf5 18. exf5 hxg5 19. Be4 Nf4 20. Bxf4 exf4 21. fxg6+ fxg6 22. Qh5+ Kg8 23. Bd5+ Rf7 24. Qxg6 Ne5 25. Bxf7+ Qxf7 26. Qxg5 Rc6 27. Qd8+ Kh7 28. Ng4 Nf3+ 29. Kg2 Qh5 30. Rh1 Nh4+ 31. Kf1 Nf5 32. Re1 Rg6 33. Qe8 Qh4 34. Qe4 Qg5 35. Qe8 Qh5 36. Re6 Nh4 37. Rxg6 Nxg6 38. Qf7 Qg5 39. Qxb7 f3 40. Qxf3 Qc1+ 41. Kg2 Nh4+ 42. Kg3 Qg5 43. Qe4+ Kg8 44. Rf1 Nf5+ 45. Kh2 Qh5 46. Qe6+ Kh7 47. Nf6+ Bxf6 48. Qxf6 Nh4 49. Qe7+ Kh6 50. Qf8+ Kh7 51. Qf4 Nf3+ 52. Kg3 Ng5 53. Qh4 Qxh4+ 54. Kxh4 Nf3+ 55. Kg3 Ng5 56. f4 Nf7 57. Kf3 Kg6 58. Rg1+ Kf6 59. Rg8 Nd6 60. h4 Nf5 61. Rf8+ Ke6 62. h5 Ne3 63. Re8+ Kf6 64. Rxe3 1-0

[Event "Back To School op"]
[Site "Edmonton CAN"]
[Date "2008.09.25"]
[Round "4"]
[White "Wu, Allan"]
[Black "Seehagen, Terry"]
[Result "0-1"]
[WhiteElo "1861"]
[BlackElo "1634"]
[PlyCount "58"]
[GameId "2160767910328162"]
[EventDate "2008.09.04"]
[EventType "swiss"]
[EventRounds "4"]
[EventCountry "CAN"]
[SourceTitle "EXT 2011"]
[Source "ChessBase"]
[SourceDate "2011.11.26"]
[SourceVersion "1"]
[SourceVersionDate "2011.11.26"]
[SourceQuality "1"]

1. c4 e5 2. Nc3 Bb4 3. Nd5 a5 4. Nxb4 axb4 5. d4 exd4 6. Qxd4 Nf6 7. Qe5+ Qe7 8. Qxc7 Nc6 9. Nf3 O-O 10. e3 Qe4 11. Qd6 Qg4 12. h3 Qg6 13. Be2 Ra6 14. O-O b3 15. a3 Na5 16. Qd4 Re8 17. Bd2 d5 18. Bd3 Ne4 19. Kh1 Bxh3 20. gxh3 Qf5 21. Bxe4 Rxe4 22. Qxd5 Qxf3+ 23. Kh2 h6 24. Rg1 Nxc4 25. Bc3 Qxf2+ 26. Rg2 Qxg2+ 27. Kxg2 Nxe3+ 28. Kf3 Nxd5 29. Kxe4 Nxc3+ 0-1

[Event "Battle of Alberta"]
[Site "Red Deer CAN"]
[Date "2008.09.20"]
[Round "1"]
[White "Daniluk, Jim"]
[Black "Kazakevich, Anastasia"]
[Result "0-1"]
[WhiteElo "2024"]
[BlackElo "2117"]
[PlyCount "84"]
[GameId "2160767910311471"]
[EventDate "2008.09.20"]
[EventType "team-match"]
[EventRounds "2"]
[EventCountry "CAN"]
[SourceTitle "EXT 2011"]
[Source "ChessBase"]
[SourceDate "2011.11.26"]
[SourceVersion "1"]
[SourceVersionDate "2011.11.26"]
[SourceQuality "1"]

1. d4 d5 2. Nf3 Nf6 3. c4 e6 4. g3 c6 5. Qc2 Bd6 6. Nbd2 Nbd7 7. Bg2 O-O 8. O-O Re8 9. Rd1 Qe7 10. Nh4 g6 11. Nf1 dxc4 12. e4 e5 13. d5 cxd5 14. exd5 b5 15. Bg5 Bb7 16. Ne3 Qd8 17. Ng4 Bf8 18. Be4 Qb6 19. Nxf6+ Nxf6 20. Bg2 Bg7 21. d6 Bxg2 22. Be3 Be4 23. d7 Bxc2 24. dxe8=Q+ Rxe8 25. Bxb6 Bxd1 26. Bxa7 Bc2 27. Ng2 Rd8 28. Ne3 Bd3 29. a4 b4 30. a5 c3 31. bxc3 bxc3 32. a6 Ra8 33. Bc5 Rxa6 34. Rd1 e4 35. f3 Ra8 36. Rc1 exf3 37. Bd4 f2+ 38. Kg2 f1=Q+ 39. Nxf1 Bxf1+ 40. Kxf1 Ne4 41. Be3 Ra2 42. Kg1 Nd2 0-1

[Event "Battle of Alberta"]
[Site "Red Deer CAN"]
[Date "2008.09.20"]
[Round "1"]
[White "Gardner, Robert"]
[Black "Neven, Knut"]
[Result "0-1"]
[WhiteElo "2218"]
[BlackElo "2268"]
[PlyCount "158"]
[GameId "2160767910311472"]
[EventDate "2008.09.20"]
[EventType "team-match"]
[EventRounds "2"]
[EventCountry "CAN"]
[SourceTitle "EXT 2011"]
[Source "ChessBase"]
[SourceDate "2011.11.26"]
[SourceVersion "1"]
[SourceVersionDate "2011.11.26"]
[SourceQuality "1"]

1. f4 d5 2. Nf3 Nf6 3. e3 g6 4. b4 Bg7 5. Bb2 O-O 6. Be2 Na6 7. a3 c5 8. Bxa6 bxa6 9. bxc5 Qa5 10. Bd4 Ne4 11. O-O Nxc5 12. Bxg7 Kxg7 13. Nc3 Ne4 14. Nxe4 dxe4 15. Nd4 Bd7 16. f5 Bxf5 17. Nxf5+ gxf5 18. Qh5 Qe5 19. Qxf5 Qxf5 20. Rxf5 Rfd8 21. Raf1 f6 22. R1f2 Rab8 23. Kf1 Rb5 24. Ke2 Rxf5 25. Rxf5 e5 26. Rf1 Rb8 27. Ra1 Kf7 28. Kd1 Ke6 29. Kc1 Rg8 30. g3 h5 31. Rb1 Rg7 32. Rb4 Kf5 33. Ra4 h4 34. gxh4 Rg1+ 35. Kb2 Rg2 36. Kc3 Rxh2 37. Rxa6 Rxh4 38. Rxa7 Rh8 39. a4 Rc8+ 40. Kb2 Rd8 41. Kc1 Ke6 42. a5 f5 43. a6 f4 44. exf4 exf4 45. Rh7 Kf5 46. a7 f3 47. Rb7 Ra8 48. Kd1 Rh8 49. Ke1 Rh1+ 50. Kf2 Ra1 51. d3 Ra2 52. dxe4+ Kxe4 53. Re7+ Kf4 54. Rf7+ Ke4 55. Kg3 f2 56. Kg2 Ke3 57. Re7+ Kd4 58. Rd7+ Ke3 59. c4 Ra1 60. Rf7 Rg1+ 61. Kh2 Rg8 62. Re7+ Kf3 63. Rf7+ Ke2 64. Re7+ Kf3 65. Rf7+ Ke2 66. Re7+ Kd2 67. Rf7 Ke1 68. Re7+ Kd2 69. Rf7 Ke1 70. Re7+ Kf1 71. c5 Rh8+ 72. Kg3 Kg1 73. Rf7 Rg8+ 74. Kh4 f1=Q 75. Rxf1+ Kxf1 76. c6 Ke2 77. c7 Ke3 78. Kh5 Ke4 79. Kh6 Kd5 0-1

[Event "Battle of Alberta"]
[Site "Red Deer CAN"]
[Date "2008.09.20"]
[Round "1"]
[White "Grumic, Sasha"]
[Black "Kaminski, Thomas"]
[Result "1-0"]
[WhiteElo "2121"]
[BlackElo "2070"]
[PlyCount "57"]
[GameId "2160767910311473"]
[EventDate "2008.09.20"]
[EventType "team-match"]
[EventRounds "2"]
[EventCountry "CAN"]
[SourceTitle "EXT 2011"]
[Source "ChessBase"]
[SourceDate "2011.11.26"]
[SourceVersion "1"]
[SourceVersionDate "2011.11.26"]
[SourceQuality "1"]

1. e4 e5 2. d3 Nc6 3. Nd2 Nf6 4. Ngf3 d5 5. h3 Bc5 6. Be2 O-O 7. c3 a6 8. Qc2 Qe7 9. Nf1 h6 10. g4 dxe4 11. dxe4 h5 12. g5 Nd7 13. Ne3 Nb6 14. b4 Bd6 15. a4 a5 16. b5 Nb8 17. Nf5 Bxf5 18. exf5 Nd5 19. f6 Qd7 20. Bc4 c6 21. fxg7 Kxg7 22. Nh4 e4 23. Bb2 Bf4 24. Rd1 Kg8 25. g6 Qe7 26. gxf7+ Kxf7 27. Rxd5 cxd5 28. Bxd5+ Kf6 29. Rg1 1-0

[Event "Battle of Alberta"]
[Site "Red Deer CAN"]
[Date "2008.09.20"]
[Round "1"]
[White "Huber, Gregory"]
[Black "Pechenkin, Vladimir"]
[Result "1/2-1/2"]
[WhiteElo "2339"]
[BlackElo "2313"]
[PlyCount "72"]
[GameId "2160767910311474"]
[EventDate "2008.09.20"]
[EventType "team-match"]
[EventRounds "2"]
[EventCountry "CAN"]
[SourceTitle "EXT 2011"]
[Source "ChessBase"]
[SourceDate "2011.11.26"]
[SourceVersion "1"]
[SourceVersionDate "2011.11.26"]
[SourceQuality "1"]

1. d4 f5 2. Bg5 g6 3. e4 fxe4 4. Nc3 Bg7 5. Nxe4 d5 6. Ng3 c5 7. Nf3 Nc6 8. Be2 cxd4 9. h4 Qd6 10. h5 e5 11. Nh4 Nge7 12. Qd2 Bd7 13. O-O-O O-O-O 14. hxg6 hxg6 15. Bb5 Bf6 16. Nf3 Nf5 17. Ne2 Rxh1 18. Rxh1 Rh8 19. Re1 Bxg5 20. Qxg5 Rh5 21. Qd2 Nh4 22. Nxh4 Rxh4 23. f4 Rg4 24. g3 exf4 25. gxf4 Qb4 26. Qxb4 Nxb4 27. Bxd7+ Kxd7 28. a3 d3 29. axb4 dxe2 30. Rxe2 Rxf4 31. Rg2 Rf6 32. Kd2 Kc6 33. Kd3 Rf3+ 34. Ke2 Rf6 35. Kd3 Rf3+ 36. Ke2 Rf6 1/2-1/2

[Event "Battle of Alberta"]
[Site "Red Deer CAN"]
[Date "2008.09.20"]
[Round "1"]
[White "Kaminski, Victor"]
[Black "Haynes, Nicolas"]
[Result "0-1"]
[WhiteElo "2294"]
[BlackElo "2220"]
[PlyCount "98"]
[GameId "2160767910311475"]
[EventDate "2008.09.20"]
[EventType "team-match"]
[EventRounds "2"]
[EventCountry "CAN"]
[SourceTitle "EXT 2011"]
[Source "ChessBase"]
[SourceDate "2011.11.26"]
[SourceVersion "1"]
[SourceVersionDate "2011.11.26"]
[SourceQuality "1"]

1. c4 Nf6 2. Nf3 e6 3. e3 d5 4. b3 Be7 5. Bb2 O-O 6. Be2 c5 7. O-O b6 8. cxd5 Nxd5 9. a3 Bb7 10. Qc2 Nd7 11. Rd1 Rc8 12. d3 Bf6 13. Nbd2 Qc7 14. Rac1 Qb8 15. Bf1 h6 16. Qb1 Rfd8 17. Nc4 b5 18. Ncd2 b4 19. d4 bxa3 20. Ba1 Nb4 21. Bc3 Nd5 22. Ba5 cxd4 23. exd4 Re8 24. Bb5 N7b6 25. Ne4 Nf4 26. Nxf6+ gxf6 27. Ne1 Qd6 28. d5 Bxd5 29. Bf1 Qe5 30. Qa1 Qg5 31. g3 Bxb3 32. Rxc8 Rxc8 33. Rb1 Bd5 34. Qxa3 Nc4 35. Bxc4 Nh3+ 36. Kf1 Bxc4+ 37. Kg2 Nf4+ 38. Kg1 Ne2+ 39. Kg2 Nd4 40. Rd1 Bd5+ 41. f3 e5 42. Bd2 Qf5 43. g4 Qxg4+ 44. Kf2 Qh4+ 45. Kg2 Kh8 46. Qe3 Rg8+ 47. Kh1 Qh3 48. Qxh6+ Qxh6 49. Bxh6 Nxf3 0-1

[Event "Battle of Alberta"]
[Site "Red Deer CAN"]
[Date "2008.09.20"]
[Round "1"]
[White "Kazmaier, Daniel"]
[Black "Hughey, Micah"]
[Result "1/2-1/2"]
[WhiteElo "2236"]
[BlackElo "2198"]
[PlyCount "172"]
[GameId "2160767910311476"]
[EventDate "2008.09.20"]
[EventType "team-match"]
[EventRounds "2"]
[EventCountry "CAN"]
[SourceTitle "EXT 2011"]
[Source "ChessBase"]
[SourceDate "2011.11.26"]
[SourceVersion "1"]
[SourceVersionDate "2011.11.26"]
[SourceQuality "1"]

1. d4 d5 2. Nc3 Nf6 3. Bg5 e6 4. e4 dxe4 5. Nxe4 Be7 6. Nxf6+ Bxf6 7. Bxf6 Qxf6 8. Nf3 O-O 9. Bd3 Nd7 10. Qe2 c5 11. c3 cxd4 12. cxd4 Qf4 13. O-O b6 14. g3 Qg4 15. Ne5 Qxe2 16. Bxe2 Nxe5 17. dxe5 Bb7 18. f4 Rac8 19. Rac1 Rxc1 20. Rxc1 Rc8 21. Rxc8+ Bxc8 22. Bf3 Kf8 23. Be4 Ke7 24. h4 h5 25. Bf3 g6 26. g4 hxg4 27. Bxg4 Bb7 28. Kf2 f5 29. Be2 Kd7 30. Ke3 a5 31. Kd4 Bc6 32. Bc4 Ke7 33. Kc3 Kd7 34. a3 Ke7 35. Be2 Kd7 36. b4 axb4+ 37. Kxb4 Kc7 38. Bc4 Bd7 39. Ba6 Bc6 40. Kc4 Bd7 41. Kd4 Bc6 42. Bc4 Bd7 43. Bb3 Kd8 44. Bd1 Kc7 45. Bf3 Bc6 46. Be2 Be8 47. Kc4 Bc6 48. h5 gxh5 49. Bxh5 Bd7 50. Bf7 Kc6 51. a4 Kc7 52. Kd4 Kc6 53. Bh5 Kc7 54. Bd1 Kb7 55. Kc4 Kc7 56. Kb4 Kb7 57. Be2 Bc6 58. Bc4 Bd7 59. a5 bxa5+ 60. Kxa5 Ka7 61. Ba6 Bc6 62. Bc4 Bd7 63. Ba6 Bc6 64. Bc8 Bd5 65. Kb5 Kb8 66. Bd7 Kb7 67. Be8 Be4 68. Kc5 Kc7 69. Bg6 Bc2 70. Bf7 Bb3 71. Be8 Bd5 72. Bb5 Ba2 73. Be2 Bd5 74. Bf1 Ba2 75. Bg2 Bb3 76. Kd4 Kb6 77. Kc3 Ba4 78. Kc4 Bc6 79. Bh3 Bd7 80. Kd4 Bc6 81. Bxf5 exf5 82. e6 Kc7 83. Ke5 Be4 84. Kf6 Kd8 85. Kf7 Bd5 86. Kf6 Be4 1/2-1/2

[Event "Battle of Alberta"]
[Site "Red Deer CAN"]
[Date "2008.09.20"]
[Round "1"]
[White "Li, Zhichao"]
[Black "Haessel, Dale"]
[Result "0-1"]
[WhiteElo "2261"]
[BlackElo "2300"]
[PlyCount "80"]
[GameId "2160767910311477"]
[EventDate "2008.09.20"]
[EventType "team-match"]
[EventRounds "2"]
[EventCountry "CAN"]
[SourceTitle "EXT 2011"]
[Source "ChessBase"]
[SourceDate "2011.11.26"]
[SourceVersion "1"]
[SourceVersionDate "2011.11.26"]
[SourceQuality "1"]

1. Nf3 Nf6 2. d4 g6 3. Bg5 Bg7 4. Nbd2 d5 5. e3 O-O 6. Bd3 c5 7. c3 Nc6 8. O-O cxd4 9. exd4 Bf5 10. Qc2 Qc8 11. Ne5 Nxd4 12. Qb1 Nc6 13. Bxf5 gxf5 14. Nxc6 bxc6 15. Qd3 e5 16. Qg3 f4 17. Qh4 Qf5 18. Rae1 Rfe8 19. Nf3 Ne4 20. g3 Nxg5 21. Qxg5 Qxg5 22. Nxg5 Rab8 23. Re2 h6 24. Nf3 e4 25. Nh4 f3 26. Rd2 Re5 27. Re1 Bf6 28. Kh1 Bxh4 29. gxh4 f5 30. c4 Rd8 31. Rdd1 d4 32. h5 f4 33. Rg1+ Kh7 34. Rg4 e3 35. Rxf4 exf2 36. Rxf3 Re1+ 37. Kg2 Rxd1 38. Kxf2 d3 39. b4 d2 40. b5 Re1 0-1

[Event "Battle of Alberta"]
[Site "Red Deer CAN"]
[Date "2008.09.20"]
[Round "1"]
[White "Luna, Jose Luis"]
[Black "Boik, Andrew"]
[Result "0-1"]
[WhiteElo "2124"]
[BlackElo "2184"]
[PlyCount "99"]
[GameId "2160767910311478"]
[EventDate "2008.09.20"]
[EventType "team-match"]
[EventRounds "2"]
[EventCountry "CAN"]
[SourceTitle "EXT 2011"]
[Source "ChessBase"]
[SourceDate "2011.11.26"]
[SourceVersion "1"]
[SourceVersionDate "2011.11.26"]
[SourceQuality "1"]

1. d4 Nf6 2. Nf3 e6 3. Bg5 c5 4. e3 Qb6 5. Nbd2 Qxb2 6. Bxf6 gxf6 7. Ne4 Be7 8. Rb1 Qxa2 9. dxc5 Qd5 10. Qxd5 exd5 11. Nc3 Bxc5 12. Nxd5 Kd8 13. Nxf6 d6 14. Bc4 Nc6 15. O-O Ne5 16. Nxe5 dxe5 17. Rb5 b6 18. Ne4 Bd7 19. Rd1 Ke7 20. Rb3 Rac8 21. Rd5 Be6 22. Rxe5 Bd6 23. Nxd6 Kxd6 24. Bxe6 Kxe5 25. Bxc8 Rxc8 26. Rb2 Kd5 27. Kf1 Kc4 28. Ke2 Rd8 29. Rb3 b5 30. Ra3 Rd7 31. e4 b4 32. Ra5 Kc3 33. Rc5+ Kb2 34. f4 a5 35. Rxa5 Kxc2 36. Rc5+ Kb2 37. e5 b3 38. f5 Ka2 39. Ra5+ Kb1 40. e6 fxe6 41. fxe6 Re7 42. Ra6 b2 43. g4 Rc7 44. Rd6 Kc2 45. Rd2+ Kb3 46. Rd7 Rc6 47. e7 Re6+ 48. Kd2 b1=Q 49. Rb7+ Ka2 50. Ra7+ 0-1

[Event "Battle of Alberta"]
[Site "Red Deer CAN"]
[Date "2008.09.20"]
[Round "1"]
[White "Porper, Edward"]
[Black "Hansen, Eric"]
[Result "1-0"]
[WhiteElo "2476"]
[BlackElo "2349"]
[PlyCount "61"]
[GameId "2160767910311479"]
[EventDate "2008.09.20"]
[EventType "team-match"]
[EventRounds "2"]
[EventCountry "CAN"]
[SourceTitle "EXT 2011"]
[Source "ChessBase"]
[SourceDate "2011.11.26"]
[SourceVersion "1"]
[SourceVersionDate "2011.11.26"]
[SourceQuality "1"]

1. d4 d6 2. Nf3 Nf6 3. c4 g6 4. Nc3 Bg7 5. e4 Bg4 6. Be2 Bxf3 7. Bxf3 Nc6 8. Be3 O-O 9. O-O Nd7 10. d5 Nce5 11. Be2 Nb6 12. Qb3 c6 13. f4 Ned7 14. dxc6 bxc6 15. Rad1 Qc7 16. Rd2 Nc5 17. Qc2 Ne6 18. Kh1 Qb7 19. b3 c5 20. Bf3 Rad8 21. Ne2 a5 22. f5 Nc7 23. Bg5 Na6 24. e5 Qc7 25. e6 fxe6 26. fxg6 h6 27. Qe4 Qd7 28. Qh4 Rf6 29. Bxf6 exf6 30. Rfd1 Qe7 31. Ng3 1-0

[Event "Battle of Alberta"]
[Site "Red Deer CAN"]
[Date "2008.09.20"]
[Round "1"]
[White "Rekhson, Vladislav"]
[Black "Yearwood, Roy"]
[Result "1/2-1/2"]
[WhiteElo "2195"]
[BlackElo "2152"]
[PlyCount "128"]
[GameId "2160767910311480"]
[EventDate "2008.09.20"]
[EventType "team-match"]
[EventRounds "2"]
[EventCountry "CAN"]
[SourceTitle "EXT 2011"]
[Source "ChessBase"]
[SourceDate "2011.11.26"]
[SourceVersion "1"]
[SourceVersionDate "2011.11.26"]
[SourceQuality "1"]

1. e4 Nc6 2. Nf3 Nf6 3. e5 Ng4 4. d4 d6 5. h3 Nh6 6. Bb5 a6 7. Bxc6+ bxc6 8. Nc3 g6 9. Bf4 Be6 10. Qd2 Nf5 11. Ng5 Bg7 12. O-O-O h6 13. Nxe6 fxe6 14. g4 Nh4 15. Bg3 g5 16. Bxh4 gxh4 17. Qd3 O-O 18. Qe3 Qb8 19. f4 Qb4 20. a3 Qb6 21. exd6 exd6 22. Qxe6+ Kh8 23. f5 Rab8 24. b3 Qa5 25. Na4 Rbe8 26. Qc4 Qb5 27. Nb2 Qa5 28. a4 Re3 29. Rhf1 Rc3 30. Qe6 Rf6 31. Qe8+ Kh7 32. Qe1 c5 33. Rd3 cxd4 34. Rxd4 Qc5 35. Rc4 Rxc4 36. Nxc4 d5 37. Qe3 Qb4 38. Ne5 Qa3+ 39. Kb1 c5 40. Qc1 Qb4 41. Nd7 Rd6 42. f6 Rxd7 43. fxg7 Rxg7 44. Rf6 Rg6 45. Rxg6 Kxg6 46. Qf1 Qe4 47. Qxa6+ Kg5 48. Qc8 Kf4 49. Qf5+ Kg3 50. Qf1 c4 51. b4 c3 52. Qd3+ Qxd3 53. cxd3 Kxh3 54. b5 Kxg4 55. b6 h3 56. b7 h2 57. b8=Q h1=Q+ 58. Kc2 Qa1 59. Qg8+ Kh4 60. Qd8+ Kg3 61. Qg8+ Kf4 62. Qf7+ Ke3 63. Qe7+ Kd4 64. Qa7+ Ke5 1/2-1/2

[Event "Battle of Alberta"]
[Site "Red Deer CAN"]
[Date "2008.09.20"]
[Round "1"]
[White "Willis, Bradley"]
[Black "Karmali, Hafiz"]
[Result "1/2-1/2"]
[WhiteElo "2107"]
[BlackElo "1968"]
[PlyCount "178"]
[GameId "2160767910311481"]
[EventDate "2008.09.20"]
[EventType "team-match"]
[EventRounds "2"]
[EventCountry "CAN"]
[SourceTitle "EXT 2011"]
[Source "ChessBase"]
[SourceDate "2011.11.26"]
[SourceVersion "1"]
[SourceVersionDate "2011.11.26"]
[SourceQuality "1"]

1. e4 Nf6 2. e5 Nd5 3. c4 Nb6 4. d4 d6 5. f4 dxe5 6. fxe5 Nc6 7. Be3 g6 8. Nc3 Bg7 9. Qd2 O-O 10. Be2 Bf5 11. Nf3 f6 12. exf6 exf6 13. O-O Re8 14. b3 Qe7 15. Bf2 Rad8 16. c5 Nd7 17. Bc4+ Kh8 18. Nd5 Qf8 19. Nxc7 Re7 20. Nd5 Ree8 21. Bg3 Bh6 22. Qc3 Qg7 23. Rae1 Bg4 24. Rxe8+ Rxe8 25. Re1 Rxe1+ 26. Nxe1 f5 27. Nc2 f4 28. Bxf4 Bxf4 29. Nxf4 Nxc5 30. Qe3 Nd7 31. Qe8+ Nf8 32. d5 Nd4 33. Ne3 Bd7 34. Qe4 Nf5 35. Nc2 Nd6 36. Qd4 b5 37. Qxg7+ Kxg7 38. Be2 Kf6 39. Bf3 g5 40. Nd3 g4 41. Be2 Ng6 42. Kf2 h5 43. Ke3 Ne7 44. Kd4 Nef5+ 45. Kc5 Ne4+ 46. Kb4 Nfd6 47. a4 bxa4 48. bxa4 a5+ 49. Kxa5 Nc3 50. Nd4 Nxd5 51. Nc5 Be8 52. Bb5 Bg6 53. Nd7+ Kg5 54. Ne5 Be4 55. g3 Nc3 56. Kb4 Ncxb5 57. axb5 h4 58. Kc5 hxg3 59. hxg3 Nf5 60. Nxf5 Kxf5 61. Nc6 Bd3 62. b6 Ba6 63. Kd4 Ke6 64. Ne5 Kd6 65. Nxg4 Kc6 66. Ne5+ Kxb6 67. g4 Bc8 68. g5 Bf5 69. Nf7 Kc6 70. Ke5 Bg6 71. Kf6 Bh5 72. Nh6 Kd7 73. Nf5 Bd1 74. g6 Bb3 75. Kg7 Ke8 76. Kf6 Kf8 77. Nd4 Bc4 78. Nf5 Ba2 79. Ne7 Bb3 80. Nf5 Ba2 81. Nh6 Bb3 82. Ng4 Kg8 83. Nh6+ Kf8 84. g7+ Ke8 85. Nf5 Bg8 86. Nd6+ Kd7 87. Nf7 Ke8 88. Ng5 Kd8 89. Ne6+ Ke8 1/2-1/2

[Event "Battle of Alberta"]
[Site "Red Deer CAN"]
[Date "2008.09.20"]
[Round "1"]
[White "Zhang, David"]
[Black "Purewal, Sardul"]
[Result "0-1"]
[WhiteElo "1918"]
[BlackElo "2076"]
[PlyCount "120"]
[GameId "2160767910311482"]
[EventDate "2008.09.20"]
[EventType "team-match"]
[EventRounds "2"]
[EventCountry "CAN"]
[SourceTitle "EXT 2011"]
[Source "ChessBase"]
[SourceDate "2011.11.26"]
[SourceVersion "1"]
[SourceVersionDate "2011.11.26"]
[SourceQuality "1"]

1. e4 e5 2. Nf3 Nf6 3. d3 Nc6 4. Nc3 d6 5. Be2 Bg4 6. Be3 Be7 7. O-O O-O 8. Qd2 Re8 9. Rad1 Bf8 10. Ne1 Bxe2 11. Nxe2 d5 12. exd5 Nxd5 13. Ng3 Qd7 14. f4 exf4 15. Bxf4 Nxf4 16. Qxf4 Bd6 17. Qf2 Bxg3 18. Qxg3 Nd4 19. Kh1 Nf5 20. Qh3 g6 21. Nf3 Re7 22. Rde1 Rae8 23. Ng5 h6 24. Ne4 Kg7 25. Qf3 Qe6 26. a3 Qe5 27. g4 Nd4 28. Qf2 f5 29. gxf5 Nxf5 30. Qxa7 Qxb2 31. Qc5 Qe5 32. Qb4 b6 33. Qd2 Qd5 34. Qc3+ Qe5 35. Qd2 Re6 36. Qg2 R8e7 37. Qf2 Qd5 38. Kg1 Qd4 39. Re2 Qxf2+ 40. Rexf2 Nd6 41. Nxd6 Rxd6 42. Rf8 Rc6 43. R8f2 Rc3 44. a4 h5 45. Ra1 Re5 46. Kf1 Kh6 47. Kg2 Rg5+ 48. Kh3 Rgc5 49. Ra2 Rd5 50. Rb2 Ra3 51. Rb4 Ra5 52. Rff4 Rc3 53. Rfc4 Rc5 54. Rxc3 Rxc3 55. Rc4 Rxc4 56. dxc4 c5 57. Kg3 Kg5 58. h3 Kf5 59. Kf3 g5 60. Ke3 Ke5 0-1

[Event "Battle of Alberta"]
[Site "Red Deer CAN"]
[Date "2008.09.20"]
[Round "2"]
[White "Boik, Andrew"]
[Black "Luna, Jose Luis"]
[Result "1-0"]
[WhiteElo "2184"]
[BlackElo "2124"]
[PlyCount "67"]
[GameId "2160767910311483"]
[EventDate "2008.09.20"]
[EventType "team-match"]
[EventRounds "2"]
[EventCountry "CAN"]
[SourceTitle "EXT 2011"]
[Source "ChessBase"]
[SourceDate "2011.11.26"]
[SourceVersion "1"]
[SourceVersionDate "2011.11.26"]
[SourceQuality "1"]

1. e4 e6 2. d4 d5 3. Nc3 Bb4 4. e5 Qd7 5. Qg4 f5 6. Qg3 b6 7. a3 Bxc3+ 8. bxc3 Ba6 9. Bd3 Bxd3 10. cxd3 Nc6 11. Ne2 O-O-O 12. O-O h6 13. f4 Nge7 14. Be3 Na5 15. Rac1 Nec6 16. Rfd1 Rdg8 17. Qf2 g5 18. c4 Rg7 19. g3 g4 20. cxd5 Qxd5 21. Nc3 Qd7 22. d5 exd5 23. Nb5 a6 24. Nd4 Nxd4 25. Bxd4 Qe6 26. Bxb6 Nb7 27. Qb2 h5 28. Bf2 Rd8 29. Rb1 Qc6 30. Rdc1 Qb5 31. Qd4 Qa5 32. Qa7 c6 33. Rxc6+ Rc7 34. Qxb7+ 1-0

[Event "Battle of Alberta"]
[Site "Red Deer CAN"]
[Date "2008.09.20"]
[Round "2"]
[White "Haessel, Dale"]
[Black "Li, Zhichao"]
[Result "0-1"]
[WhiteElo "2300"]
[BlackElo "2261"]
[PlyCount "82"]
[GameId "2160767910311484"]
[EventDate "2008.09.20"]
[EventType "team-match"]
[EventRounds "2"]
[EventCountry "CAN"]
[SourceTitle "EXT 2011"]
[Source "ChessBase"]
[SourceDate "2011.11.26"]
[SourceVersion "1"]
[SourceVersionDate "2011.11.26"]
[SourceQuality "1"]

1. Nf3 Nf6 2. g3 b6 3. Bg2 Bb7 4. O-O c5 5. c4 e6 6. Nc3 Be7 7. a3 O-O 8. Rb1 Nc6 9. e4 Rc8 10. d3 Ng4 11. h3 Nge5 12. Nxe5 Nxe5 13. b4 Nc6 14. Qa4 d6 15. Be3 Bf6 16. Ne2 Qc7 17. f4 Nd4 18. Rfe1 Bc6 19. Qd1 Qd7 20. Nxd4 Bxd4 21. Qd2 Bxe3+ 22. Qxe3 Rfd8 23. Rbc1 Ba8 24. d4 Qa4 25. bxc5 bxc5 26. d5 Rb8 27. Red1 Rb2 28. Rd3 exd5 29. cxd5 Bb7 30. Bf3 Ba6 31. Rdc3 f6 32. e5 fxe5 33. fxe5 dxe5 34. Qxe5 Qd4+ 35. Qxd4 cxd4 36. Rc7 d3 37. Rxa7 d2 38. Rcc7 Bd3 39. Rxg7+ Kh8 40. Rgb7 Ra2 41. d6 Be4 0-1